紅嬰仔
| 資料類型: | 圖書 | 書目號: | 46662 |
Leader xxxxxxxxxx 001 __ PCLIS00046662 005 __ 20220323143912.0 010 0_ |a957-522-242-3|b平裝|dNT$250 100 __ |a20131126d1999 m y0chiy09 e 101 0_ |achi 102 __ |atw 105 __ |aa z 000ay 200 1_ |a紅嬰仔|f簡媜著 205 __ |a初版 210 __ |a臺北市|c聯合文學出版|a臺北縣新店市|c聯合發行總經銷|d1999[民88] 215 0_ |a267面|c圖|d21公分 225 2_ |a聯合文叢|v161 225 2_ |a聯合文學|v184 300 __ |a作者本名: 簡敏媜 300 __ |a作者號由t038補0,由t561刪除 681 __ |a857.7|b8650 700 _0 |a簡媜|4著 801 _0 |atw|b內湖高中|c20131126|gCCR |